Suomalaiset pelaajat Dartsin MM-kisoissa - Statistics

Yleistilastot
  • Tätä visaa on pelattu 26 kertaa
    7 viimeisimmän päivityksen jälkeen
  • Keskiarvotulos 8 / 21
Vastaustilastot
Vuosi Nimi % Oikein
2026 Teemu Harju
100%
2015-18 Kim Viljanen
67%
2009,2018, 2020-21, 2024 Marko Kantele
67%
2005 Marko Kantele
67%
2025 Marko Kantele
67%
2011 Veijo Viinikka
67%
2025 Jonas Masalin
50%
2024-25 Kirsi Viinikainen
50%
2013, 2015 Jani Haavisto
33%
2010, 2013-14 Jarkko Komula
33%
2002-05 Jarkko Komula
33%
2025 Petri Rasmus
33%
1985-86 Arto Lintunen
17%
1984, 1987, 1989, 1991 Kexi Heinäharju
17%
2001-02 Marko Pusa
17%
2012 Petri Korte
17%
1985, 1987-88 Tapani Uitos
17%
2006 Ulf Ceder
17%
1990 Antero Rantala
0%
1992 Heikki Hermunen
0%
1986 Kari Saukkonen
0%
Ehtoja vastaavia visoja ei löytynyt
Tulosjakauma
Jokaisen tuloksen saaneiden osuus
Persentiili vastausten määrän mukaan
Tuloshistoriasi
Et ole pelannut tätä visaa sen viimeisimmän päivityksen jälkeen